Pygmalion /
Světoznámá hra irského dramatika.
Uloženo v:
| Hlavní autor: | |
|---|---|
| Další autoři: | |
| Médium: | E-kniha |
| Jazyk: | Czech |
| Vydáno: |
V Praze :
CooBoo,
2025
|
| Vydání: | V tomto překladu vydání první |
| Edice: | CooBoo Classics
|
| Témata: | |
| Tagy: |
Žádné tagy |
| LEADER | 02284nam a2200469 i 4500 | ||
|---|---|---|---|
| 001 | 312799 | ||
| 003 | CZ PrSKC | ||
| 005 | 20260601215729.0 | ||
| 007 | ta | ||
| 008 | 250327s2025 xr g 000 d cze | ||
| 015 | |a cnb003678159 | ||
| 020 | |a 9788074988516 |q (vázáno) : |c Kč 299,00 | ||
| 035 | |a (OCoLC)1523000202 | ||
| 040 | |a ABG001 |b cze |e rda | ||
| 041 | 1 | |a cze |h eng | |
| 072 | 7 | |a 821.111-2 |x Anglické drama, anglicky psané |2 Konspekt | |
| 080 | |a 821.111(415)-2 |2 MRF | ||
| 080 | |a (0:82-22) |2 MRF | ||
| 100 | 1 | |a Shaw, Bernard, |d 1856-1950 |7 jn19990007481 |4 aut | |
| 240 | 1 | 0 | |a Pygmalion. |l Česky |7 aun2008436923 |
| 245 | 1 | 0 | |a Pygmalion / |c George Bernard Shaw ; přeložil Petr Eliáš |
| 250 | |a V tomto překladu vydání první | ||
| 264 | 1 | |a V Praze : |b CooBoo, |c 2025 | |
| 300 | |a 139 stran ; |c 21 cm | ||
| 336 | |a text |b txt |2 rdacontent | ||
| 337 | |a bez média |b n |2 rdamedia | ||
| 338 | |a svazek |b nc |2 rdacarrier | ||
| 490 | 1 | |a CooBoo Classics ; |v svazek 15 | |
| 500 | |a Přeloženo z angličtiny | ||
| 520 | 2 | |a Světoznámá hra irského dramatika. |b Profesor Henry Higgins uzavře se svým přítelem neobvyklou sázku. Z prosté pouliční prodavačky květin Lízy Doolittlové prý zvládne udělat skutečnou dámu jen tím, že ji naučí správné výslovnosti a vybraným způsobům. Prohlédne někdo na plese londýnské smetánky jeho malý trik, nebo se Líze podaří všechny přesvědčit, že před nimi stojí pravá lady? Nakladatelská anotace. Kráceno. | |
| 655 | 7 | |a irská dramata (anglicky) |7 fd183377 |2 czenas | |
| 655 | 7 | |a komedie |7 fd132576 |2 czenas | |
| 655 | 9 | |a Irish drama (English) |2 eczenas | |
| 655 | 9 | |a comedies |2 eczenas | |
| 700 | 1 | |a Eliáš, Petr, |d 1986- |7 xx0079819 |4 trl | |
| 830 | 0 | |a CooBoo Classics | |
| 900 | |a ABA001 |b 20 | ||
| 928 | 9 | |a Albatros Media - CooBoo | |
| 044 | |a xr | ||
| 910 | |a RBIT002 | ||
| 998 | |d 422152 |a https://core.palmknihy.cz/api/books/422152/cover?t1yd4i |b https://core.palmknihy.cz/api/books/422152/cover/400?t1yd4i |c https://core.palmknihy.cz/api/books/422152/cover/50?t1yd4i |e 2034-12-31 |g 144 |i 9788074988516 |j https://core.palmknihy.cz/api/books/422152/preview.epub |k https://core.palmknihy.cz/api/books/422152/preview.pdf |l |q 49 |r 1 |s https://www.palmknihy.cz/kniha/422152 |t ebook |y 2025 |z 0 | ||
| 999 | |d 312797 | ||